|
|
|
|
| LEADER |
00000nam a22000007a 4500 |
| 005 |
20210902214334.0 |
| 007 |
cr|||| |||| |
| 008 |
210902s2009 ca |||||s|||| 00||0 eng d |
| 020 |
|
|
|a 9781459336711
|
| 035 |
|
|
|a 35355
|
| 040 |
|
|
|a vLex
|
| 090 |
|
|
|c 12215
|d 12215
|
| 245 |
0 |
0 |
|a Special Lectures 2008
|h [Recurso electrn̤ico] :
|b Personal Injury Law
|
| 256 |
|
|
|a Servicio en ln̕ea
|
| 260 |
|
|
|a Toronto:
|b Irwin Law Inc.,
|c 2009
|
| 300 |
|
|
|a 1 recurso electrn̤ico
|
| 500 |
|
|
|a These are the first Special Lectures devoted to personal injury law in 10 years. The book continues the tradition of excellence, bringing together commanding thinkers from the litigation bar, the judiciary and the medical profession. It provides in-depth analysis of pivotal developments of the last decade, examines leading cases and explores the dominant themes in personal injury law today. The book discusses catastrophic injuries and the AMA guidelines, demonstrative evidence at trial, mass torts, and other important topics.
|
| 506 |
1 |
|
|a Disponible solo en los productos indicados
|d vLex Global
|d vLex Global (Academic Edition, excluding Law Schools)
|d vLex Global (U.S. Academic Edition, Law Schools)
|d vLex Global (U.S. Academic Edition, excluding Law Schools)
|d vLex Global (Academic Edition, Law Schools)
|
| 650 |
0 |
4 |
|a Derecho Penal
|z Canad̀
|
| 740 |
0 |
|
|a vLex Libros (Servicio en ln̕ea)
|
| 856 |
4 |
0 |
|u https://app.vlex.com/#/sources/35355
|z Acceso restringido
|
| 942 |
|
|
|c BOOK
|
| 999 |
0 |
|
|a Criminal law
|